000 01517nam a2200229Ia 4500
003 Ost
005 20260507075302.0
008 260507s9999||||xx |||||||||||||| ||und||
040 _cfsecg
041 _aara
082 _a330
100 _aابو اسماعيل، فؤاد
_eمؤلف
245 0 _aإدارة التسويق :
_bالمفاهيم ، التطبيق ، تطور الاداء /
_c فؤاد ابو اسماعيل
260 _aالقاهرة:
_bدار النخضة العربية,
_c[دون تاريخ]
300 _a576 صفحة؛
_c24 سم
520 _aتعريف التسويق و دراسة التوجيهات الادارية نحوه ، المنتج : مفهومه و عمقه و اتساعه و مؤشرات نجاحه ، النظم العملية لغزو الاسواق بالمنتجات الجديدة ، استراتيجيات التسويق طوال دورة حياة المنتج و نظم تسعير المنتجات ، نظم تقييم و تعديل الأسعار ، الترويج : مفهومه و أهدافه و كيفية إعداده ، الاعلان و البيع الشخصي ، تنظيم العلاقة مع منافذ التوزيع ، استراتيجية التسويق و أثر المركز التنافسي على الربحية ، و اخيرا الرقابة على أنشطة التسويق.
653 _aأدارة المبيعات
653 _aالادارة
653 _aالتسويق
653 _aالتسويق ــ ادارة
942 _cكتاب
999 _c43794
_d43794